| 000 | 00000nam##2200000za#4500 |
| 001 | 9.602083 |
| 003 | CaOODSP |
| 005 | 20210624210406 |
| 007 | cr ||||||||||| |
| 008 | 150406|2005||||xxc|||||o f|0| 0 fre|d |
| 040 | |aCaOODSP|bfre |
| 043 | |an-cn--- |
| 086 | 1 |aTU3-5/05-33F-PDF |
| 110 | 2 |aBureau de la sécurité des transports du Canada. |
| 245 | 10|aCollision avec un plan d'eau - de l'hélicoptère Bell 205 A-1 C-GADA, exploité par Héli-Express Inc. au lac Solitude (Québec), le 16 juillet 2005 |h[ressource électronique] |
| 260 | |aGatineau - Québec : |bBureau de la sécurité des transports du Canada |c[2006]. |
| 300 | |a13p.|bphotographies |
| 490 | 1 |aRapport d'enquête aéronautique |vA05Q0119 |
| 500 | |a« Le Bureau a autorisé la publication du rapport le 29 mars 2007. »--Page 13 de 13. |
| 590 | |a12-20-Supp|b2012-05-09 |
| 775 | 08|tCollision with water - Héli-Express Inc., Bell 205 A-1 Helicopter C-GADA, Solitude Lake, Quebec, 16 July 2005 |w(CaOODSP)9.571491 |
| 830 | #0|aRapport d'enquête aéronautique ;|vA05Q0119|w(CaOODSP)9.501229 |
| 856 | 40|ahttp://publications.gc.ca|qPDF|s318 Ko|uhttps://publications.gc.ca/collections/collection_2011/bst-tsb/TU3-5-05-33-fra.pdf|yA05Q0119 |